000 00706nam a22002417a 4500
003 UA-OsUOA
001 92562
007 ta
008 20121220b un ||||| |||| 00| 0 ukr d
100 _aАндраша М.
090 _a821.161.1
_bА65
942 _cBK
040 _aUA-OsUOA
_brus
_cUA-OsUOA
_dUA-OsUOA
245 _aВ науке что-то есть...
_bюмористические рассказы и повести
300 _a256 с.
955 _a3
041 _arus
080 _a821.161.1
020 _a5-265-01790-9
260 _aМ.
_bСоветский писатель
_c1991
650 7 _a82 Література. Літературознавство
_2UDC
999 _c378808
_d378808